[Event "Erfurt op-A 29th"]
[Site "Erfurt"]
[Date "2019.12.29"]
[Round "6"]
[White "Wolf, Andreas"]
[Black "Ruppert, Wolfgang"]
[Result "1/2-1/2"]
[WhiteElo "2056"]
[BlackElo "2169"]
[PlyCount "139"]
[EventDate "2019.12.26"]
[EventType "swiss"]
[EventRounds "8"]
[EventCountry "GER"]
[SourceTitle "CBM 194 Extra"]
[Source "ChessBase"]
[SourceDate "2020.03.31"]
[SourceVersion "1"]
[SourceVersionDate "2020.03.31"]
[SourceQuality "1"]

1. d4 d5 2. Nf3 e6 3. c4 c6 4. g3 f5 5. Bg2 Nf6 6. 0-0 Bd6 7. Nc3 0-0 8. Ng5 h6 9. Nh3 Nbd7 10. Qb3 Qb6 11. Qd1 dxc4 12. Qc2 Qc7 13. Nf4 Re8 14. e4 e5 15. dxe5 Nxe5 16. exf5 Nd3 17. Ne4 Nxf4 18. Nxf6+ gxf6 19. Bxf4 Bxf4 20. Qxc4+ Kg7 21. Qxf4 Qxf4 22. gxf4 Bxf5 23. Rfe1 Rad8 24. Rxe8 Rxe8 25. Bf3 Bh3 26. Bg2 Bxg2 27. Kxg2 Re2 28. Rb1 Kg6 29. Kf3 Rc2 30. a4 Kf5 31. b4 Rc3+ 32. Kg2 Kxf4 33. b5 c5 34. b6 a6 35. Rd1 Rb3 36. a5 Rb5 37. Rd7 Rxa5 38. Rxb7 Rb5 39. Rc7 Rxb6 40. Rxc5 f5 41. Ra5 Rg6+ 42. Kf1 h5 43. h3 Ke4 44. Ke2 Kf4 45. Ra4+ Ke5 46. Ra5+ Kf4 47. Ra4+ Ke5 48. Ra5+ Kd4 49. Rxf5 Re6+ 50. Kd2 Re5 51. Rf4+ Kc5 52. Kc3 a5 53. Kb3 Kb5 54. Rf8 Kc5 55. Kc3 Kd5 56. Kd3 Ke6 57. f4 Rb5 58. Ke4 Rb4+ 59. Kf3 Rb3+ 60. Ke4 Rb4+ 61. Kf3 Rb3+ 62. Ke4 Rxh3 63. Ra8 Ra3 64. Ra6+ Ke7 65. Rh6 Ra1 66. Rxh5 a4 67. Ra5 a3 68. Ke5 Kd7 69. Kf6 a2 70. Kf7 1/2-1/2

[Event "Wiesbaden op 31st"]
[Site "Wiesbaden"]
[Date "2019.08.25"]
[Round "7"]
[White "Ruppert, Wolfgang"]
[Black "Keller, Peter1111"]
[Result "0-1"]
[WhiteElo "2145"]
[BlackElo "2342"]
[PlyCount "94"]
[EventDate "2019.08.22"]
[EventType "swiss"]
[EventRounds "7"]
[EventCountry "GER"]
[SourceTitle "EXT 2020"]
[Source "ChessBase"]
[SourceDate "2019.10.17"]
[SourceVersion "1"]
[SourceVersionDate "2019.10.17"]
[SourceQuality "1"]

1. e4 e5 2. Nf3 Nc6 3. Bc4 Bc5 4. d3 Nf6 5. c3 0-0 6. Bb3 d5 7. Nbd2 dxe4 8. dxe4 Qe7 9. 0-0 Bg4 10. h3 Bh5 11. Qe2 Bg6 12. g4 Nd8 13. Nh4 Ne6 14. Nf5 Bxf5 15. exf5 Nf4 16. Qf3 Rad8 17. Bc2 h6 18. b4 Bd6 19. Re1 Nh7 20. Ne4 Qh4 21. Bxf4 exf4 22. Bd3 Rfe8 23. Bf1 Rxe4 24. Qxe4 Ng5 25. Qh1 h5 26. gxh5 Qxh5 27. Bg2 f3 28. Bf1 Bf4 29. Rad1 Rxd1 30. Rxd1 Ne4 31. Bd3 Nxc3 32. Re1 Bd2 33. Re8+ Kh7 34. Qh2 f6 35. Re7 Nd5 36. Re4 Nc3 37. Rg4 Qe8 38. Qg3 Ne2+ 39. Bxe2 fxe2 40. Rxg7+ Kh8 41. Rg4 e1Q+ 42. Kg2 Bh6 43. b5 Qd2 44. Qh4 Qd5+ 45. Kh2 Qee5+ 46. Rg3 Kh7 47. Qg4 Qxf5 0-1

[Event "Wiesbaden op 31st"]
[Site "Wiesbaden"]
[Date "2019.08.24"]
[Round "5"]
[White "Ruppert, Wolfgang"]
[Black "Heinemann, Ernst"]
[Result "1/2-1/2"]
[WhiteElo "2145"]
[BlackElo "2088"]
[PlyCount "106"]
[EventDate "2019.08.22"]
[EventType "swiss"]
[EventRounds "7"]
[EventCountry "GER"]
[SourceTitle "EXT 2020"]
[Source "ChessBase"]
[SourceDate "2019.10.17"]
[SourceVersion "1"]
[SourceVersionDate "2019.10.17"]
[SourceQuality "1"]

1. d4 Nf6 2. Nf3 c5 3. c4 cxd4 4. Nxd4 e5 5. Nc2 d5 6. cxd5 Qxd5 7. Qxd5 Nxd5 8. e4 Nb4 9. Nxb4 Bxb4+ 10. Bd2 Nc6 11. Bb5 Bd7 12. Bxc6 Bxd2+ 13. Nxd2 Bxc6 14. 0-0 0-0 15. Rfd1 Rfd8 16. f3 Bb5 17. Kf2 Rd3 18. Nf1 Rad8 19. Rxd3 Rxd3 20. Rc1 f6 21. Rc8+ Kf7 22. Rc7+ Rd7 23. Rxd7+ Bxd7 24. Ke3 Ke7 25. Nd2 Kd6 26. g3 Be6 27. a3 g5 28. Kd3 Kc5 29. Kc3 a5 30. b3 b5 31. b4+ axb4+ 32. axb4+ Kd6 33. Kd3 Ba2 34. Ke3 h6 35. h4 Be6 36. hxg5 hxg5 37. f4 gxf4+ 38. gxf4 f5 39. fxe5+ Kxe5 40. Nf3+ Kd6 41. Nd4 fxe4 42. Nxe6 Kxe6 43. Kxe4 Kd6 44. Kd4 Kc7 45. Kc5 Kc8 46. Kxb5 Kb7 47. Kc5 Kc7 48. b5 Kb7 49. b6 Kb8 50. Kc4 Kb7 51. Kb5 Kb8 52. Kc6 Kc8 53. b7+ Kb8 1/2-1/2

[Event "Wiesbaden op 30th"]
[Site "Wiesbaden"]
[Date "2018.08.25"]
[Round "5"]
[White "Ruppert, Wolfgang"]
[Black "Milov, Leonid"]
[Result "1/2-1/2"]
[WhiteElo "2140"]
[BlackElo "2469"]
[PlyCount "42"]
[EventDate "2018.08.23"]
[EventType "swiss"]
[EventRounds "7"]
[EventCountry "GER"]
[SourceTitle "CBM 186 Extra"]
[Source "ChessBase"]
[SourceDate "2018.08.24"]
[SourceVersion "1"]
[SourceVersionDate "2018.08.24"]
[SourceQuality "1"]

1. e4 c5 2. Nf3 e6 3. d4 cxd4 4. Nxd4 Nc6 5. Nc3 Qc7 6. f4 a6 7. Nxc6 Qxc6 8. Bd3 b5 9. Qe2 Bb7 10. Bd2 Rc8 11. 0-0 Bc5+ 12. Kh1 Ne7 13. a3 0-0 14. e5 Nf5 15. Ne4 Be7 16. Qh5 f6 17. Qh3 fxe5 18. fxe5 h6 19. Qg4 Rf7 20. Rf3 Rcf8 21. Raf1 Qd5 1/2-1/2

[Event "Wiesbaden op 30th"]
[Site "Wiesbaden"]
[Date "2018.08.25"]
[Round "4"]
[White "Steimbach, Isabel"]
[Black "Ruppert, Wolfgang"]
[Result "0-1"]
[WhiteElo "1957"]
[BlackElo "2140"]
[PlyCount "110"]
[EventDate "2018.08.23"]
[EventType "swiss"]
[EventRounds "7"]
[EventCountry "GER"]
[SourceTitle "CBM 186 Extra"]
[Source "ChessBase"]
[SourceDate "2018.08.24"]
[SourceVersion "1"]
[SourceVersionDate "2018.08.24"]
[SourceQuality "1"]

1. e4 c5 2. c3 Nf6 3. e5 Nd5 4. Bc4 Nb6 5. Bb3 c4 6. Bc2 d6 7. exd6 Qxd6 8. Na3 Nc6 9. Qe2 Be6 10. Nb5 Qd7 11. Nf3 Nb4 12. cxb4 Qxb5 13. Nd4 Qxb4 14. Nxe6 fxe6 15. Qxe6 Qd6 16. Qxd6 exd6 17. d3 d5 18. dxc4 Bb4+ 19. Bd2 Bxd2+ 20. Kxd2 Nxc4+ 21. Kc3 0-0 22. f3 Rac8 23. Bb3 Rf4 24. Rac1 Kf7 25. Bxc4 Rfxc4+ 26. Kd2 Ke6 27. Rxc4 Rxc4 28. Re1+ Kd6 29. Kd3 a5 30. h3 b5 31. Re8 Rc1 32. Ra8 a4 33. Ra5 Kc5 34. Ra7 Rd1+ 35. Kc2 Rf1 36. Rxg7 Kd4 37. Rg4+ Ke3 38. a3 h5 39. Rh4 Rf2+ 40. Kc3 Rxg2 41. Rd4 Rxb2 42. Rxd5 Rb3+ 43. Kc2 h4 44. Rh5 Rxa3 45. Rxh4 Rb3 46. Rh8 Kd4 47. h4 Rxf3 48. h5 Rf2+ 49. Kb1 Kc3 50. h6 Kb3 51. Kc1 Rh2 52. h7 b4 53. Kd1 a3 54. Rg8 a2 55. Ra8 Rxh7 0-1

[Event "Hessen-ch"]
[Site "Frankfurt"]
[Date "2018.05.11"]
[Round "6"]
[White "Everett, Elijah David"]
[Black "Ruppert, Wolfgang"]
[Result "1-0"]
[WhiteElo "2160"]
[BlackElo "2165"]
[PlyCount "67"]
[EventDate "2018.05.09"]
[EventType "swiss"]
[EventRounds "9"]
[EventCountry "GER"]
[SourceTitle "EXT 2019"]
[Source "ChessBase"]
[SourceDate "2018.10.10"]
[SourceVersion "1"]
[SourceVersionDate "2018.10.10"]
[SourceQuality "1"]

1. e4 e6 2. d4 d5 3. Nc3 Nf6 4. e5 Nfd7 5. f4 c5 6. Nf3 Nc6 7. Be3 Be7 8. Qd2 a6 9. dxc5 Bxc5 10. 0-0-0 b5 11. Kb1 Qb6 12. Bxc5 Nxc5 13. Qe3 Bb7 14. Ne2 g6 15. Ned4 Nd7 16. Be2 Na5 17. b3 Qc5 18. g4 0-0-0 19. f5 exf5 20. gxf5 Rhe8 21. Qf4 g5 22. Qd2 Nc4 23. bxc4 dxc4 24. e6 Nb6 25. exf7 Rxe2 26. Qxe2 Nd5 27. Ka1 Qa3 28. Nb3 c3 29. Rb1 Nb4 30. Nc1 Bd5 31. Rb3 Bxb3 32. cxb3 c2 33. Qe6+ Kc7 34. Qe7+ 1-0

[Event "Hessen-ch"]
[Site "Frankfurt"]
[Date "2018.05.10"]
[Round "4"]
[White "Ruppert, Wolfgang"]
[Black "Krastev, Alexander"]
[Result "1/2-1/2"]
[WhiteElo "2165"]
[BlackElo "2202"]
[PlyCount "49"]
[EventDate "2018.05.09"]
[EventType "swiss"]
[EventRounds "9"]
[EventCountry "GER"]
[SourceTitle "EXT 2019"]
[Source "ChessBase"]
[SourceDate "2018.10.10"]
[SourceVersion "1"]
[SourceVersionDate "2018.10.10"]
[SourceQuality "1"]

1. d4 Nf6 2. Bf4 b6 3. e3 Bb7 4. Nf3 e6 5. h3 d6 6. Nbd2 Nbd7 7. Be2 g6 8. 0-0 Bg7 9. c4 0-0 10. Bh2 Qe7 11. Qc2 a5 12. Nb1 Ne4 13. Nfd2 Nxd2 14. Qxd2 f5 15. Nc3 Nf6 16. a3 e5 17. Rfe1 h6 18. Rac1 Rad8 19. b4 axb4 20. axb4 c5 21. bxc5 bxc5 22. d5 Ra8 23. Rb1 Rfb8 24. Qc2 Ne8 25. Rb6 1/2-1/2

[Event "Rhein Main op-A 20th"]
[Site "Bad Homburg"]
[Date "2017.06.15"]
[Round "3"]
[White "Ruppert, Wolfgang"]
[Black "Lenz, Jonas"]
[Result "1-0"]
[WhiteElo "2168"]
[BlackElo "2055"]
[PlyCount "45"]
[EventDate "2017.06.14"]
[EventType "swiss"]
[EventRounds "7"]
[EventCountry "GER"]
[SourceTitle "EXT 2018"]
[Source "ChessBase"]
[SourceDate "2017.10.13"]
[SourceVersion "1"]
[SourceVersionDate "2017.10.13"]
[SourceQuality "1"]

1. e4 c5 2. Nf3 e6 3. d4 cxd4 4. Nxd4 a6 5. Bd3 Nf6 6. 0-0 Qc7 7. Kh1 Bc5 8. Nb3 Be7 9. f4 d6 10. Be3 Nbd7 11. Nc3 h5 12. Nd4 b6 13. Qe2 Bb7 14. f5 e5 15. Nb3 h4 16. Kg1 Qd8 17. a4 Nh5 18. Bc4 Bg5 19. Rad1 Qf6 20. Bd5 Ng3 21. hxg3 hxg3 22. Rf3 Bxe3+ 23. Qxe3 1-0

[Event "Rhein Main op-A 20th"]
[Site "Bad Homburg"]
[Date "2017.06.14"]
[Round "1"]
[White "Ruppert, Wolfgang"]
[Black "Reimer, Otto"]
[Result "1-0"]
[WhiteElo "2168"]
[BlackElo "1951"]
[PlyCount "51"]
[EventDate "2017.06.14"]
[EventType "swiss"]
[EventRounds "7"]
[EventCountry "GER"]
[SourceTitle "EXT 2018"]
[Source "ChessBase"]
[SourceDate "2017.10.13"]
[SourceVersion "1"]
[SourceVersionDate "2017.10.13"]
[SourceQuality "1"]

1. e4 c5 2. Nf3 d6 3. Bb5+ Bd7 4. Bxd7+ Nxd7 5. c4 Ngf6 6. Nc3 g6 7. d4 cxd4 8. Nxd4 Bg7 9. Be3 0-0 10. f3 a6 11. Rc1 Rc8 12. b3 Nh5 13. 0-0 Kh8 14. Qd2 f5 15. Ne6 Qa5 16. Nxf8 Rxf8 17. exf5 gxf5 18. Nd5 Qd8 19. Rfe1 e6 20. Bg5 Qe8 21. Nc7 Qg6 22. Nxe6 Rg8 23. Nxg7 Rxg7 24. Re7 Rxe7 25. Bxe7 Ne5 26. Qxd6 1-0

[Event "Wiesbaden op 28th"]
[Site "Wiesbaden"]
[Date "2016.08.28"]
[Round "6"]
[White "Froehlich Dill, Astrid"]
[Black "Ruppert, Wolfgang"]
[Result "0-1"]
[WhiteElo "1813"]
[BlackElo "2178"]
[PlyCount "90"]
[EventDate "2016.08.25"]
[EventType "swiss"]
[EventRounds "7"]
[EventCountry "GER"]
[SourceTitle "CBM 174 Extra"]
[Source "ChessBase"]
[SourceDate "2016.10.10"]
[SourceVersion "1"]
[SourceVersionDate "2016.10.10"]
[SourceQuality "1"]

1. d4 g6 2. e4 Bg7 3. Nf3 d6 4. Bd3 Nc6 5. c3 e5 6. d5 Nce7 7. 0-0 Nf6 8. c4 0-0 9. h3 Ne8 10. Nc3 f5 11. Ng5 h6 12. Ne6 Bxe6 13. dxe6 Qc8 14. Qb3 c6 15. c5 dxc5 16. a4 b6 17. f4 exf4 18. Bxf4 g5 19. Bh2 f4 20. Be2 Bd4+ 21. Kh1 Ng7 22. Bc4 Kh8 23. Ne2 Qc7 24. h4 Qe5 25. Nxd4 cxd4 26. hxg5 Qxg5 27. Rad1 Nh5 28. Qh3 Ng3+ 29. Bxg3 fxg3 30. Rf7 Rxf7 31. exf7 Kg7 32. Rf1 h5 33. Rf3 h4 34. Kg1 b5 35. axb5 cxb5 36. Bd3 Rf8 37. Qe6 Ng6 38. Rf5 Qe3+ 39. Kh1 Qxd3 40. Qf6+ Kh6 41. Qg5+ Kh7 42. Qf6 Qb1+ 43. Rf1 Qxe4 44. Qg5 Qe2 45. Qf6 h3 0-1

[Event "Wiesbaden op 28th"]
[Site "Wiesbaden"]
[Date "2016.08.26"]
[Round "3"]
[White "Ruppert, Wolfgang"]
[Black "Buese, Ralf"]
[Result "1-0"]
[WhiteElo "2178"]
[BlackElo "1911"]
[PlyCount "55"]
[EventDate "2016.08.25"]
[EventType "swiss"]
[EventRounds "7"]
[EventCountry "GER"]
[SourceTitle "CBM 174 Extra"]
[Source "ChessBase"]
[SourceDate "2016.10.10"]
[SourceVersion "1"]
[SourceVersionDate "2016.10.10"]
[SourceQuality "1"]

1. e4 e6 2. d4 d5 3. Nd2 Nf6 4. e5 Nfd7 5. Bd3 c5 6. c3 Nc6 7. Ne2 cxd4 8. cxd4 f6 9. exf6 Nxf6 10. Nf3 Bd6 11. 0-0 0-0 12. Bf4 Bxf4 13. Nxf4 Ne4 14. Qc1 Qf6 15. Nh5 Qf7 16. Ng3 Nxg3 17. hxg3 Qf6 18. Qe3 Bd7 19. a3 h6 20. b4 a6 21. Rac1 Na7 22. Ne5 Qd8 23. Bb1 Bb5 24. Rfe1 Rc8 25. a4 Bxa4 26. Qd3 Rf5 27. Qa3 Rxc1 28. Rxc1 1-0

[Event "Hofheim Spring op-A 2nd"]
[Site "Hofheim"]
[Date "2014.04.25"]
[Round "6"]
[White "Cichy, Michael"]
[Black "Ruppert, Wolfgang"]
[Result "1/2-1/2"]
[WhiteElo "1982"]
[BlackElo "2136"]
[PlyCount "40"]
[EventDate "2014.04.22"]
[EventType "swiss"]
[EventRounds "9"]
[EventCountry "GER"]
[SourceTitle "CBM 160 Extra"]
[Source "ChessBase"]
[SourceDate "2014.07.01"]
[SourceVersion "1"]
[SourceVersionDate "2014.07.01"]
[SourceQuality "1"]

1. d4 Nf6 2. Nf3 g6 3. c4 Bg7 4. Nc3 0-0 5. e4 d6 6. Be2 e5 7. 0-0 Nc6 8. d5 Ne7 9. b4 Nh5 10. Re1 Nf4 11. Bf1 f5 12. Bxf4 exf4 13. e5 h6 14. Rc1 g5 15. c5 a6 16. exd6 cxd6 17. Nd4 Be5 18. Nf3 Bg7 19. Nd4 Be5 20. Nf3 Bg7 1/2-1/2

[Event "Hofheim Spring op-A 2nd"]
[Site "Hofheim"]
[Date "2014.04.24"]
[Round "5"]
[White "Enchev, Ivajlo"]
[Black "Ruppert, Wolfgang"]
[Result "1-0"]
[WhiteElo "2443"]
[BlackElo "2136"]
[PlyCount "59"]
[EventDate "2014.04.22"]
[EventType "swiss"]
[EventRounds "9"]
[EventCountry "GER"]
[SourceTitle "CBM 160 Extra"]
[Source "ChessBase"]
[SourceDate "2014.07.01"]
[SourceVersion "1"]
[SourceVersionDate "2014.07.01"]
[SourceQuality "1"]

1. d4 Nf6 2. c4 e6 3. Nc3 d5 4. cxd5 exd5 5. Bg5 c6 6. e3 Be7 7. Bd3 0-0 8. Qc2 h6 9. Bh4 Re8 10. Nge2 Ne4 11. Bxe7 Qxe7 12. 0-0 Nd7 13. Rae1 Ndf6 14. f3 Nxc3 15. Nxc3 Be6 16. Qf2 c5 17. dxc5 Qxc5 18. Rc1 Qa5 19. Rfd1 Rac8 20. Bc2 b5 21. Bb3 b4 22. Ne2 Nd7 23. Rxc8 Rxc8 24. Nf4 Nb6 25. e4 Rd8 26. Qd4 Qb5 27. exd5 a5 28. dxe6 Rxd4 29. exf7+ Kh7 30. f8N+ 1-0

[Event "Karl Mala Memorial op-A 16th"]
[Site "Frankfurt"]
[Date "2013.07.11"]
[Round "1"]
[White "Weber, Andreas"]
[Black "Ruppert, Wolfgang"]
[Result "1/2-1/2"]
[WhiteElo "1872"]
[BlackElo "2123"]
[PlyCount "82"]
[EventDate "2013.07.11"]
[EventType "swiss"]
[EventRounds "7"]
[EventCountry "GER"]
[SourceTitle "EXT 2014"]
[Source "ChessBase"]
[SourceDate "2013.11.20"]
[SourceVersion "1"]
[SourceVersionDate "2013.11.20"]
[SourceQuality "1"]

1. e4 c5 2. d4 cxd4 3. c3 Nf6 4. e5 Nd5 5. Qxd4 e6 6. Nf3 Nc6 7. Qe4 d6 8. g3 Qc7 9. exd6 Bxd6 10. Na3 a6 11. Nc4 Be7 12. Bg2 b5 13. Ne3 Nf6 14. Qc2 Bb7 15. 0-0 0-0 16. Rd1 Rfd8 17. Rxd8+ Rxd8 18. a4 b4 19. Bd2 Na5 20. Nd4 Bxg2 21. Kxg2 b3 22. Qc1 Nc4 23. Nxc4 Qxc4 24. Be3 Ng4 25. Qf1 Qd5+ 26. Kg1 Bc5 27. Qg2 Nxe3 28. fxe3 e5 29. Qxd5 Rxd5 30. Nxb3 Bxe3+ 31. Kf1 f5 32. Ke2 Ba7 33. c4 Rd7 34. Rb1 g5 35. Nd2 g4 36. b4 Kf7 37. c5 Ke6 38. Nc4 Rd8 39. Na5 Rc8 40. Rd1 Bb8 41. Nb7 h5 1/2-1/2

[Event "Wiesbaden op 24th"]
[Site "Wiesbaden"]
[Date "2012.08.24"]
[Round "2"]
[White "Ruppert, Wolfgang"]
[Black "Hohner, Karl Heinz"]
[Result "1/2-1/2"]
[WhiteElo "2124"]
[BlackElo "1952"]
[PlyCount "76"]
[EventDate "2012.08.23"]
[EventType "swiss"]
[EventRounds "7"]
[EventCountry "GER"]
[SourceTitle "CBM 150 Extra"]
[Source "ChessBase"]
[SourceDate "2012.10.19"]
[SourceVersion "1"]
[SourceVersionDate "2012.10.19"]
[SourceQuality "1"]

1. e4 e5 2. Nf3 Nc6 3. Bb5 Nge7 4. 0-0 g6 5. c3 Bg7 6. d4 exd4 7. cxd4 0-0 8. h3 a6 9. Ba4 b5 10. Bb3 d5 11. exd5 Nxd5 12. Nc3 Nxc3 13. bxc3 Na5 14. Re1 Nxb3 15. axb3 c5 16. Ba3 b4 17. cxb4 cxd4 18. b5 Re8 19. Bb2 Rxe1+ 20. Qxe1 Bb7 21. bxa6 Rxa6 22. Rxa6 Bxa6 23. Qa1 Bb7 24. Bxd4 Bxf3 25. Bxg7 Qd1+ 26. Kh2 Qxa1 27. Bxa1 Bc6 28. g4 Kf8 29. Bf6 Ke8 30. Kg3 Kd7 31. Kf4 Ke6 32. Bc3 f6 33. Ke3 g5 34. f3 f5 35. f4 Bg2 36. fxg5 Bxh3 37. gxf5+ Kxf5 38. Kd4 Kxg5 1/2-1/2

[Event "Karl Mala Memorial op 15th"]
[Site "Frankfurt"]
[Date "2012.07.07"]
[Round "5"]
[White "Ruppert, Wolfgang"]
[Black "Marchese, Gaspare"]
[Result "1-0"]
[WhiteElo "2142"]
[BlackElo "1950"]
[PlyCount "113"]
[EventDate "2012.07.05"]
[EventType "swiss"]
[EventRounds "7"]
[EventCountry "GER"]
[SourceTitle "CBM 149 Extra"]
[Source "ChessBase"]
[SourceDate "2012.08.24"]
[SourceVersion "1"]
[SourceVersionDate "2012.08.24"]
[SourceQuality "1"]

1. e4 e6 2. d3 d5 3. Nd2 g6 4. g3 Bg7 5. Bg2 Nf6 6. Ngf3 c5 7. 0-0 Nc6 8. Re1 0-0 9. c3 Qb6 10. Qe2 Kh8 11. Kh1 a5 12. Nh4 Bd7 13. f4 Rae8 14. Nf1 a4 15. Be3 d4 16. Bg1 Qc7 17. Rac1 Qb8 18. Nf3 e5 19. fxe5 Ng4 20. cxd4 cxd4 21. Nxd4 Nxd4 22. Bxd4 Nxe5 23. Bc5 Rg8 24. d4 Bg4 25. Qe3 Nd7 26. Bb4 Be6 27. a3 Nf6 28. Qd2 Ng4 29. d5 Bd7 30. Bc3 f6 31. Bd4 Bh6 32. Bxf6+ Nxf6 33. Qxh6 Ng4 34. Qd2 Rgf8 35. Qd4+ Kg8 36. Rc2 Re5 37. Kg1 Rh5 38. d6 Qe8 39. h3 Ne5 40. g4 Rxh3 41. Re3 Rh4 42. Rg3 Rxg4 43. Rxg4 Bxg4 44. Ne3 h5 45. Rc7 Bd7 46. Nd5 Kh7 47. Nb6 Rf7 48. Nxd7 Rxd7 49. Rxd7+ Nxd7 50. Qd5 g5 51. Qxg5 Qf8 52. Qxh5+ Kg7 53. Qg5+ Kh8 54. e5 Qf7 55. Qh6+ Qh7 56. Qxh7+ Kxh7 57. e6 1-0

[Event "Wiesbaden op 23rd"]
[Site "Wiesbaden"]
[Date "2011.08.26"]
[Round "2"]
[White "Ruppert, Wolfgang"]
[Black "Tufa, Mihai"]
[Result "1-0"]
[WhiteElo "2155"]
[BlackElo "2003"]
[PlyCount "135"]
[EventDate "2011.08.25"]
[EventType "swiss"]
[EventRounds "7"]
[EventCountry "GER"]
[SourceTitle "CBM 144 Extra"]
[Source "ChessBase"]
[SourceDate "2011.10.28"]
[SourceVersion "1"]
[SourceVersionDate "2011.10.28"]
[SourceQuality "1"]

1. e4 c5 2. Nf3 Nc6 3. Bb5 d6 4. Bxc6+ bxc6 5. 0-0 e5 6. c3 Bg4 7. h3 Bh5 8. Re1 Bxf3 9. Qxf3 Qf6 10. Qe2 a6 11. b4 cxb4 12. Qc4 Ne7 13. Qxb4 Qe6 14. Na3 Ng6 15. Qa4 Rc8 16. d4 Be7 17. d5 Qf6 18. dxc6 0-0 19. Nc4 Bd8 20. Qxa6 Ne7 21. Ba3 Rxc6 22. Qb5 Qe6 23. Ne3 Rxc3 24. Bb4 Rc6 25. Nd5 Qc8 26. Red1 f5 27. f3 fxe4 28. fxe4 Ng6 29. Rf1 Nf4 30. Nxf4 exf4 31. Qd5+ Kh8 32. Bxd6 Bb6+ 33. Kh2 Rd8 34. e5 Be3 35. a4 Qa6 36. Qb5 Qa8 37. Ra2 g5 38. Qd5 g4 39. Qe6 g3+ 40. Kh1 Qc8 41. Qf6+ Kg8 42. Qg5+ Kh8 43. Qf6+ Kg8 44. Qg5+ Kh8 45. Raa1 Re8 46. Rad1 Qe6 47. a5 Ra6 48. Bc7 Qe7 49. Qh5 Rg6 50. Bd6 Qa7 51. Qf5 Rge6 52. Bb4 Qc7 53. Bd6 Qa7 54. Rb1 Qg7 55. Rb8 Qg6 56. Rxe8+ Rxe8 57. Qb1 Qxb1 58. Rxb1 Kg7 59. Rb8 Kf7 60. a6 Rxb8 61. Bxb8 Ke6 62. a7 Bxa7 63. Bxa7 Kxe5 64. Kg1 Ke4 65. Kf1 f3 66. Bb8 fxg2+ 67. Kxg2 Kf5 68. Kxg3 1-0

[Event "Karl Mala Memorial op 14th"]
[Site "Frankfurt"]
[Date "2011.07.09"]
[Round "5"]
[White "Faqiry, Ramat"]
[Black "Ruppert, Wolfgang"]
[Result "1/2-1/2"]
[WhiteElo "1977"]
[BlackElo "2155"]
[PlyCount "129"]
[EventDate "2011.07.07"]
[EventType "swiss"]
[EventRounds "7"]
[EventCountry "GER"]
[SourceTitle "EXT 2012"]
[Source "ChessBase"]
[SourceDate "2011.11.24"]
[SourceVersion "1"]
[SourceVersionDate "2011.11.24"]
[SourceQuality "1"]

1. d4 f5 2. Bg5 g6 3. e3 Bg7 4. h3 d5 5. Nf3 Qd6 6. Nbd2 Nd7 7. c3 Nh6 8. Bf4 Qb6 9. Qc2 Nf7 10. Be2 e5 11. dxe5 Ndxe5 12. Nxe5 Nxe5 13. Nf3 Nxf3+ 14. Bxf3 Be6 15. 0-0 0-0 16. a4 a5 17. Rfe1 Rac8 18. Be2 c5 19. Qd2 Bf6 20. g4 fxg4 21. hxg4 Rcd8 22. Qc2 Rd7 23. Rab1 d4 24. cxd4 cxd4 25. Rec1 d3 26. Bxd3 Bxg4 27. Be4 Kg7 28. Qc5 Qe6 29. Qc4 Qe7 30. f3 Be6 31. Qe2 Bb3 32. Qh2 Rfd8 33. Bc7 Re8 34. Bxa5 Bxa4 35. Rc4 Bb5 36. Rb4 Bc6 37. Rc4 Be5 38. Bc3 Bxc3 39. bxc3 Qg5+ 40. Kh1 Bxe4 41. Rxe4 Rxe4 42. fxe4 Re7 43. Qf2 b5 44. Rf1 Qh6+ 45. Kg1 Qg5+ 46. Kh1 Qh6+ 47. Kg1 Kg8 48. Qa2+ Kg7 49. Qf2 Kh8 50. Qf6+ Qg7 51. Qd6 h5 52. Rf4 Kh7 53. Qc5 Kh6 54. Qxb5 Qxc3 55. Qe2 Qa1+ 56. Kg2 Re5 57. Kh2 Rg5 58. Rf1 Qe5+ 59. Rf4 Rg4 60. Qf1 g5 61. Qa6+ Kh7 62. Qb7+ Kh6 63. Qc6+ Kh7 64. Qd7+ Kh6 65. Qc6+ 1/2-1/2